Animals or extinct animal by pictures Part 1 - Statistics

General Stats
  • This quiz has been taken 59 times
  • The average score is 13 of 16
Answer Stats
Picture Answer % Correct
Giant panda
100%
Red panda
100%
Spotted cat
100%
Lion
98%
Tiger
98%
Wooly mammoth
98%
cow
96%
Red fox
96%
Sloth
96%
Wolf
96%
Leopard
91%
Snake
87%
Hamster
76%
ox
41%
Wildbeest
22%
Highland cattle
13%
No matching quizzes found
Score Distribution
Percent of People with Each Score
Percentile by Number Answered
Your Score History
You have not taken this quiz